[Event "Calchess State Scholastics"]
[Site "Santa Clara"]
[Date "2004.03.20"]
[Round "3"]
[White "Zhong, Tiffany"]
[Black "Zheng, Daniel"]
[Result "0-1"]
[WhiteElo "930"]
[BlackElo "1057"]
[PlyCount "48"]
[EventDate "2004.03.20"]
[EventType "team"]
[EventRounds "6"]
[EventCountry "USA"]
[SourceTitle "EXT 2007"]
[Source "ChessBase"]
[SourceDate "2006.11.23"]
[SourceVersion "1"]
[SourceVersionDate "2006.11.23"]
[SourceQuality "1"]

1. e4 e5 2. d4 exd4 3. c3 dxc3 4. Bc4 Nf6 5. Nxc3 Nc6 6. Nf3 Bc5 7. 0-0 0-0 8. e5 Ng4 9. h3 Ngxe5 10. Nxe5 Nxe5 11. Re1 Nxc4 12. Re4 Nb6 13. Qh5 d6 14. Rh4 h6 15. Bf4 g5 16. Rg4 Bxg4 17. hxg4 gxf4 18. Re1 Qg5 19. Qh3 Rfe8 20. Ne4 Qg6 21. Nxc5 Rxe1+ 22. Kh2 dxc5 23. g5 Qb1 24. Qxh6 Rh1# 0-1